Sarkiyat mecmuasi

Bibliographic Details
Format: Electronic Journal
Language:Turkish
English
Arabic
Published: Istanbul, Turkey : Istanbul Universitesi/Istanbul University
Subjects:
Online Access:Full text available from Research Library: 01/01/2012 to 01/31/2016

MARC

LEADER 00000nas a2200000 i 4500
001 ssj0001077902
003 WaSeSS
005 20200512172242.0
006 m d
007 cr n
008 140108u20uuuuuutu m| p|s|||||| |0tur d
035 |a (WaSeSS)ssj0001077902 
040 |a WaSeSS  |b eng  |c WaSeSS  |d WaSeSS 
041 |a tur  |a eng  |a ara 
043 |a aw----- 
050 1 4 |a DS41 
245 0 0 |a Sarkiyat mecmuasi  |h [electronic resource]. 
260 |a Istanbul, Turkey :  |b Istanbul Universitesi/Istanbul University 
310 |a Monthly 
506 |a License restrictions may limit access. 
546 |a In Turkish, English and Arabic. 
588 |a Description based on: 20 (2012); title from title screen (ProQuest, viewed Jan. 7, 2014). 
588 |a Latest issue consulted: 21 (2012) (viewed Jan. 7, 2014). 
651 0 |a Middle East  |v Periodicals. 
655 0 |a Electronic journals. 
776 0 8 |i Print version:  |t Sarkiyat mecmuasi  |x 1307-5020 
856 4 0 |z Full text available from Research Library: 01/01/2012 to 01/31/2016  |u https://search.proquest.com/publication/1796364